All 1M+ cities in the Middle East (with a map) - Statistics

General Stats
  • This quiz has been taken 867 times
  • The average score is 34 of 45
Answers on the Map
Answers color-coded by a green-red scale on the quiz's map according to % correct below.
 
Answer Stats
Country Population City % Correct
Turkey 16.50 mil Istanbul
99%
Egypt 21.90 mil Cairo
98%
United Arab Emirates 6.05 mil Dubai
98%
Turkey 5.25 mil Ankara
97%
Iran 15.80 mil Tehran
97%
United Arab Emirates 1.66 mil Abu Dhabi
96%
Egypt 6.05 mil Alexandria
96%
Iraq 7.30 mil Baghdad
96%
Syria 3.97 mil Damascus
96%
Kuwait 4.32 mil Kuwait City
96%
Saudi Arabia 8.80 mil Riyadh
96%
Israel 1.03 mil Jerusalem
95%
Lebanon 1.82 mil Beirut
94%
Jordan 5.70 mil Amman
93%
Saudi Arabia 2.25 mil Mecca
93%
Israel 2.77 mil Tel Aviv
93%
Qatar 2.37 mil Doha
92%
Yemen 3.00 mil Sana'a
91%
Oman 1.40 mil Muscat
90%
Saudi Arabia 5.30 mil Jeddah
88%
Palestinian Territories 2.07 mil Gaza
86%
Turkey 3.07 mil Izmir
85%
Bahrain 1.52 mil Manama
85%
Saudi Arabia 1.64 mil Medina
84%
Syria 1.98 mil Aleppo
83%
Turkey 1.39 mil Antalya
76%
Iran 3.30 mil Isfahan
75%
Iraq 1.60 mil Basra
70%
Turkey 2.17 mil Bursa
70%
Iraq 1.46 mil Mosul
70%
Saudi Arabia 2.67 mil Dammam
65%
Iran 3.30 mil Meshed
63%
Iran 1.84 mil Shiraz
61%
Turkey 1.74 mil Gaziantep
60%
Iran 1.88 mil Tabriz
60%
Turkey 1.77 mil Adana
57%
Iraq 1.14 mil Erbil
57%
Iran 1.35 mil Qom
55%
Turkey 1.36 mil Konya
48%
Iraq 1.08 mil Kirkuk
45%
Iran 1.44 mil Ahvaz
39%
Turkey 1.03 mil Mersin
36%
Turkey 1.08 mil Diyarbakır
34%
Turkey 1.12 mil Kayseri
34%
Iran 1.06 mil Kermānshāh
29%
No matching quizzes found
Score Distribution
Percent of People with Each Score
Percentile by Number Answered
Your Score History
You have not taken this quiz